Clinical Biochemistry : an illustrated colour text (Record no. 651)

MARC details
000 -LEADER
fixed length control field 01072cam a22003258a 4500
001 - CONTROL NUMBER
control field 14973354
003 - CONTROL NUMBER IDENTIFIER
control field OSt
005 - DATE AND TIME OF LATEST TRANSACTION
control field 20170427202615.0
008 - FIXED-LENGTH DATA ELEMENTS--GENERAL INFORMATION
fixed length control field 070817s2008 stk 001 0 eng
010 ## - LIBRARY OF CONGRESS CONTROL NUMBER
LC control number 2007034366
020 ## - INTERNATIONAL STANDARD BOOK NUMBER
International Standard Book Number 9780443069321
035 ## - SYSTEM CONTROL NUMBER
System control number (DNLM)101314455
040 ## - CATALOGING SOURCE
Original cataloging agency DNLM/DLC
Transcribing agency DLC
Modifying agency DLC
042 ## - AUTHENTICATION CODE
Authentication code pcc
050 00 - LIBRARY OF CONGRESS CALL NUMBER
Classification number RB112.5
Item number .C554 2008
060 10 - NATIONAL LIBRARY OF MEDICINE CALL NUMBER
Classification number QU 4
Item number C6405 2008
082 00 - DEWEY DECIMAL CLASSIFICATION NUMBER
Classification number QU 4 C611a 2008
Edition number 22
100 ## - MAIN ENTRY--PERSONAL NAME
Personal name Gaw, Allan, [et...al]
9 (RLIN) 12121
245 00 - TITLE STATEMENT
Title Clinical Biochemistry : an illustrated colour text
250 ## - EDITION STATEMENT
Edition statement 4th ed.
260 ## - PUBLICATION, DISTRIBUTION, ETC. (IMPRINT)
Place of publication, distribution, etc. Edinburgh ;
Name of publisher, distributor, etc. Churchill Livingstone,
Date of publication, distribution, etc. 2008.
263 ## - PROJECTED PUBLICATION DATE
Projected publication date 0806
300 ## - PHYSICAL DESCRIPTION
Extent vii,179p; col.ill: 30cm
Dimensions cm.
500 ## - GENERAL NOTE
General note Includes index.
505 0# - FORMATTED CONTENTS NOTE
Formatted contents note Introducing clinical biochemistry -- Core biochemistry -- Endocrinology -- Specialized investigations -- Case history comments.
650 #0 - SUBJECT ADDED ENTRY--TOPICAL TERM
Topical term or geographic name as entry element Biochemistry.
9 (RLIN) 1716
856 41 - ELECTRONIC LOCATION AND ACCESS
Materials specified Table of contents only
Uniform Resource Identifier <a href="http://www.loc.gov/catdir/toc/ecip0725/2007034366.html">http://www.loc.gov/catdir/toc/ecip0725/2007034366.html</a>
906 ## - LOCAL DATA ELEMENT F, LDF (RLIN)
a 7
b rix
c orignew
d 1
e ecip
f 20
g y-gencatlg
942 ## - ADDED ENTRY ELEMENTS (KOHA)
Source of classification or shelving scheme Other/Generic Classification Scheme
Koha item type Short Loan
Holdings
Withdrawn status Lost status Source of classification or shelving scheme Damaged status Not for loan Home library Current library Date acquired Source of acquisition Inventory number Total Checkouts Full call number Barcode Date last seen Koha item type
    Other/Generic Classification Scheme     MUST Main Library MUST Main Library 31/10/2014 Purchase 11/33591   QU 4 C611a 2008 2014-3221 31/10/2014 Short Loan
    Other/Generic Classification Scheme     MUST Main Library MUST Main Library 31/10/2014 Purchase 11/33589   QU 4 C611a 2008 2014-3222 31/10/2014 Short Loan
    Other/Generic Classification Scheme     MUST Main Library MUST Main Library 27/06/2016 Purchase 10/32524   QU 4 C611a 2008 2016-2769 27/06/2016 Open Shelf